تخلىقى عمل / (Record no. 106574)

MARC details
000 -LEADER
fixed length control field 00870nam a22002537a 4500
005 - DATE AND TIME OF LATEST TRANSACTION
control field 20170123162314.0
010 ## - LIBRARY OF CONGRESS CONTROL NUMBER
LC control number B-122873
020 ## - INTERNATIONAL STANDARD BOOK NUMBER
Terms of availability 200.00
International Standard Book Number 8188368164
035 ## - SYSTEM CONTROL NUMBER
System control number B-122873
037 ## - SOURCE OF ACQUISITION
Source of stock number/acquisition Cen Lib/Ret
040 ## - CATALOGING SOURCE
Original cataloging agency DPL
Language of cataloging UR
082 ## - DEWEY DECIMAL CLASSIFICATION NUMBER
Classification number 848
Item number آ ع ا
100 ## - MAIN ENTRY--PERSONAL NAME
Personal name آغا، وزىر
9 (RLIN) 113434
245 ## - TITLE STATEMENT
Title تخلىقى عمل /
Statement of responsibility, etc آغا، وزى
246 ## - VARYING FORM OF TITLE
Title proper/short title Takhliqui amal /
Remainder of title by Wazir Agha
260 ## - PUBLICATION, DISTRIBUTION, ETC. (IMPRINT)
Place of publication, distribution, etc نیو دہلی
Name of publisher, distributor, etc غالب انسٹیٹیوٹ
Date of publication, distribution, etc 2005
270 ## - ADDRESS
City نیو دہلی
Address روحاللہ سٹریٹ دریاگنج
Postal code 110002
300 ## - PHYSICAL DESCRIPTION
Extent 191p.
Dimensions 21cm(Hb)
650 ## - SUBJECT ADDED ENTRY--TOPICAL TERM
Topical term or geographic name as entry element تخلیق ادبی، فنکارانہ، وغیرہ
9 (RLIN) 113435
650 ## - SUBJECT ADDED ENTRY--TOPICAL TERM
Topical term or geographic name as entry element فارسی تصنیف
9 (RLIN) 400
650 ## - SUBJECT ADDED ENTRY--TOPICAL TERM
Topical term or geographic name as entry element Creation (Literary, artistic, etc.)
9 (RLIN) 113436
650 ## - SUBJECT ADDED ENTRY--TOPICAL TERM
Topical term or geographic name as entry element History -- Philosophy.
9 (RLIN) 29541
942 ## - ADDED ENTRY ELEMENTS (KOHA)
Source of classification or shelving scheme Dewey Decimal Classification
Koha item type Urdu Bks
Classification part 848
Call number suffix آ ع ا
Holdings
Withdrawn status Lost status Damaged status Not for loan Home library Current library Date acquired Source of acquisition Cost, normal purchase price Total Checkouts Full call number Barcode Date last seen Copy number Cost, replacement price Price effective from Koha item type
        Central Library Central Library 23/12/2015 Cen Lib/Ret 200.00   848 آ ع ا B-122873 23/12/2015 1 200.00 23/12/2015 Urdu Bks

© Delhi Public Library
Hit Counter
free hit counter